000 00534nam a22001937a 4500
005 20240723163558.0
040 _curs
050 _aHF 5549.5 T7 N64 2010
100 _aNoe, Raymond A.
_eauthor
245 _aEmployee Training and Development
_cRaymond A. Noe
250 _aFifth Edition
260 _aNew York
_bMcGraw-Hill/Irwin
_c2010
300 _a589 pages
336 _2rdacontent
_atext
_btxt
337 _2rdamedia
_aunmediated
_bn
338 _2rdacarrier
_avolume
_bnc
650 _2Employees
_vTraining of
942 _2lcc
_cBK
999 _c80731
_d80730